Fundamentals of probability

Gardado en:
Detalles Bibliográficos
Autor Principal: Ghahramani, Saeed (Author)
Formato: Libro
Idioma:inglés
Publicado: Upper Saddle River Prentice Hall 1996
Subjects:
Tags: Engadir etiqueta
Sen Etiquetas, Sexa o primeiro en etiquetar este rexistro!

MARC

LEADER 00000nam a2200000 a 4500
001 UCQ2907
003 CL-VaPUC
008 980731e19960000us |||||||||||||||||eng|d
082 0 4 |a 519.2  |b GHA  |2 21 
100 0 |a Ghahramani, Saeed  |e author  |9 416970 
245 1 0 |a Fundamentals of probability 
300 |a 466 p 
942 |c BK 
945 |d 19980731 00:00:00  |a aarredon 
260 |a Upper Saddle River  |b Prentice Hall  |c 1996 
650 0 |a Probabilidades   |9 260199 
650 0 |a Estadística   |9 259535 
650 0 |a Variables  |9 338106 
650 0 |a Varianza  |9 358282 
583 |a last modification  |c 20171205 12:56:29  |k Rodrigo Vera 
999 |c 273643  |d 273641 
952 |0 0  |1 0  |4 0  |6 519_200000000000000_GHA_1996  |7 0  |8 A  |9 309422  |a BIBGIM  |b BIBGIM  |d 2019-11-20  |i 3448886  |o 519.2 GHA 1996  |p 3448886  |r 2025-01-15  |w 2019-11-20  |y BK  |k EST